Mystery Taylor Swift Song #82 - Statistics

General Stats
  • This quiz has been taken 346 times
  • The average score is 34 of 79
Answer Stats
Song % Correct
I
87%
the
81%
Single
80%
you
80%
and
73%
me
72%
on
72%
your
71%
be
67%
is
66%
When
66%
I'll
62%
no
62%
go
59%
can
57%
this
57%
all
56%
don't
55%
But
54%
now
51%
(ooh)
51%
Ooh
51%
You'll
51%
Just
50%
one
50%
said
50%
Oh
49%
(oh
49%
never
48%
down
45%
eyes
44%
let
44%
that's
44%
here
42%
out
42%
safe
40%
sound
40%
leave
38%
look
38%
alright
37%
close
37%
Come
37%
going
37%
hurt
37%
light
37%
Safe and Sound
37%
our
35%
remember
35%
alone
34%
face
34%
gone
34%
sun
34%
those
34%
morning
33%
even
30%
tears
30%
streaming
29%
window
28%
almost
27%
darling
27%
everything's
27%
fire
27%
shadows
27%
dare
26%
killed
26%
tonight
26%
whoa
25%
whoa)
25%
dead
24%
Hold
24%
onto
24%
outside
23%
raging
23%
war
23%
keeps
22%
door
21%
lullaby
21%
music's
20%
passed
19%
No matching quizzes found
Score Distribution
Percent of People with Each Score
Percentile by Number Answered
Your Score History
You have not taken this quiz